Rakúsko a Švajčiarsko vyhlásili vojnu cudzincom

Bibliographic Details
Main Author: Zsilleová, Miriam (Author)
Format: Article
Language:Slovak
Subjects:

MARC

LEADER 00000nab a2200000 a 4500
001 vtls000724668
003 SK-MaSNL
005 20260304052311.0
008 180206c2000 xo 0 slo
015 |a SNBRB2000/06-16819 
035 |a CLN000076832 
040 |a SNKBUCL  |b slo  |c SNKBUCL  |e AACR2 
041 0 |a slo 
044 |a xo  |c SK 
080 |a 323(436)  |2 UDC-MRF-SK2 
080 |a 323(494)  |2 UDC-MRF-SK2 
080 |a 324(436):323  |2 UDC-MRF-SK2 
080 |a 324(494):323  |2 UDC-MRF-SK2 
080 |a 325.14(436):324  |2 UDC-MRF-SK2 
080 |a 325.14(494):324  |2 UDC-MRF-SK2 
100 1 |a Zsilleová, Miriam  |4 aut  |9 839648 
245 1 0 |a Rakúsko a Švajčiarsko vyhlásili vojnu cudzincom  |c Miriam Zsilleová 
648 7 |a 1999  |2 SNK  |9 266597 
650 0 7 |a parlamentné voľby  |2 SNKPH  |9 1623 
650 0 7 |a politika  |2 SNKPH  |9 968 
650 0 7 |a vnútorná politika  |2 SNKPH  |9 970 
651 7 |a Švajčiarsko  |2 SNKPHgeo  |9 20143 
651 7 |a Rakúsko  |2 SNKPHgeo  |9 18533 
655 7 |a články z novín a časopisov  |2 snkbucl  |9 267496 
773 0 |t Sme  |g Roč. 8, č. 3 (5.1.2000), s. 14 
850 |a Slovenská národná knižnica v Martine 
852 |a SNK  |b KIS3GCP 
958 |a RBX 
999 |c 2707650  |d 2709580